La magie en Egypte : à la recherche d'une définition : actes du colloque organisé par le Musée du Louvre, les 29 et 30 septembre 2000 /

محفوظ في:

مؤلف مشترك: Musée du Louvre.

مؤلفون آخرون: Koenig, Yvan.

التنسيق: كتاب

اللغة: French

سلاسل: Louvre conférences et colloques ; 1158-677x.

الموضوعات:

الوسوم: إضافة وسم

لا توجد وسوم, كن أول من يضع وسما على هذه التسجيلة!

رقم الطلب: DT59 .P25 C45 M344 2002

LEADER 01176namaa2200289 4500
001 13558
003 OSt
005 20210815125305.0
008 130303s2002 fr a g b 101 0 fre d
952 |0 0  |1 0  |2 lcc  |4 0  |6 DT0059 P25 C45 M344 02002  |7 1  |9 17748  |a ARCE  |b ARCE  |d 2021-08-15  |l 0  |o DT59 .P25 C45 M344 2002  |p 1008520  |r 2021-08-15 00:00:00  |w 2021-08-15  |y BK 
999 |c 14620  |d 14620 
010 |a 2003616301 
020 |a 2110052678 
040 |c ARCE Library 
043 |a f-ua--- 
050 0 4 |a DT59 .P25 C45 M344 2002 
245 0 3 |a La magie en Egypte :  |b à la recherche d'une définition : actes du colloque organisé par le Musée du Louvre, les 29 et 30 septembre 2000 /  |c sous la direction scientifique d'Yvan Koenig. 
264 1 |a Paris :  |b Documentation française :  |b Musée du Louvre,  |c 2002. 
300 |a 437 pages :  |b illustrations ;  |c 24 cm. 
490 1 |a Louvre conférences et colloques ;   |v 1158-677x. 
504 |a Includes bibliographical references and indexes. 
650 0 |a Magic, Egyptian  |v Congresses. 
700 1 |a Koenig, Yvan.  |9 34078 
710 2 |a Musée du Louvre. 
830 0 |a Louvre conférences et colloques ;   |v 1158-677x. 
901 |a reviewed 
942 |c BK  |2 lcc